000 00482nam a2200205Ia 4500
008 170918s9999 xx 000 0 und d
020 _a9780590442954
050 _bB852 1985
100 _aBridwell, Norman
245 _aClifford's pals /
245 _cNorman Bridwell.
260 _aNew York :
260 _bScholastic,
260 _c1985
300 _aunpaged :
300 _bcolored illustration ;
300 _c20cm.
440 _aThe big red dog.
500 _a480
999 _c341436
_d341436